logo

Bir Sreshtho Munshi Abdur Rouf Library
Jhenaidah Cadet College

Bad hare day / (Record no. 2511)

MARC details
000 -LEADER
fixed length control field 01018cam a22003253a 4500
001 - CONTROL NUMBER
JCCL Control Number 2511
003 - CONTROL NUMBER IDENTIFIER
JCCL marc code BD-JhCC
005 - DATE AND TIME OF LATEST TRANSACTION
control field 20190418134017.0
008 - FIXED-LENGTH DATA ELEMENTS--GENERAL INFORMATION
fixed length control field 960220s2008 nyu j a 000 1 eng d
020 ## - INTERNATIONAL STANDARD BOOK NUMBER
International Standard Book Number 0590568787 (pbk.) :
Terms of availability $3.99
035 ## - SYSTEM CONTROL NUMBER
system control number (BD-JhCC) 2511
040 ## - CATALOGING SOURCE
Original cataloging agency JDP
Transcribing agency JDP
Modifying agency IHI
-- SLC
-- OCL
-- DLC
041 ## - LANGUAGE CODE
Language code of Book eng
050 00 - LIBRARY OF CONGRESS CALL NUMBER
Classification number CPB Box no. 2023 vol. 14
082 ## - DEWEY DECIMAL CLASSIFICATION NUMBER
Classification number 813.54
Author mark and Year STI 2008
100 1# - MAIN ENTRY--PERSONAL NAME
Personal name Stine, R. L.
245 10 - TITLE STATEMENT
Title Bad hare day /
Statement of responsibility, etc R.L. Stine.
260 ## - PUBLICATION, DISTRIBUTION, ETC. (IMPRINT)
Place of publication, distribution, etc New York :
Name of publisher, distributor, etc Scholastic,
Date of publication, distribution, etc 1996.
300 ## - PHYSICAL DESCRIPTION
Pagination 117 p. ;
Dimensions 20 cm.
490 1# - SERIES STATEMENT
Series statement Goosebumps ;
Volume number/sequential designation #41
500 ## - GENERAL NOTE
General note "An Apple paperback."
500 ## - GENERAL NOTE
General note "A Parachute Press book"--T.p. verso.
520 ## - SUMMARY, ETC.
Summary, etc When Tim Swanson discovers his favorite magician is a total grump, he steals his bag of secret, scary tricks.
650 #0 - SUBJECT ADDED ENTRY--TOPICAL TERM
Topical term or geographic name as entry element Magicians
Form subdivision Fiction.
650 #0 - SUBJECT ADDED ENTRY--TOPICAL TERM
Topical term or geographic name as entry element Horror tales.
655 #7 -
Genre/form data or focus term Horror fiction.
Source of term gsafd
710 2# - ADDED ENTRY--CORPORATE NAME
Corporate name or jurisdiction name as entry element Copyright Paperback Collection (Library of Congress)
Institution to which field applies DLC
942 ## - ADDED ENTRY ELEMENTS (KOHA)
Source of classification or shelving scheme Dewey Decimal Classification
Koha item type Books
Koha issues (borrowed), all copies 1
Holdings
Source of classification or shelving scheme Damaged status Not for loan Home library Current library Shelving location Date of accession Total Checkouts Full call number Barcode Date last seen Date checked out Copy number Koha item type
Dewey Decimal Classification     JCC Rouf Library JCC Rouf Library General Stacks 11/04/2017 1 813.54 STI 2008 3691 04/24/2019 04/17/2019 C- 1 Books

JCC Library | Contacts | JCC Home

Last Update on 23 September 2017
Copyright @ 2017-2020 JCC Rouf Library
Rouf Library, Jhenidah Cadet College (JCC), Bangladesh